An Introduction to Analysis
Saved in:
| Main Author: | |
|---|---|
| Other Authors: | |
| Format: | Book |
| Language: | English |
| Published: |
New York :
Springer-Verlag,
c1995
|
| Series: | Graduate texts in mathematics ;
; 154 |
| Subjects: | |
| Tags: |
Add Tag
No Tags, Be the first to tag this record!
|
MARC
| LEADER | 00000nam a2200000 i 4500 | ||
|---|---|---|---|
| 001 | 1/46659 | ||
| 008 | 960508s1995 eng d | ||
| 020 | |a 0-387-94369-2 | ||
| 035 | |1 ΕΛΗ |a 1995 |b 1807 |c ΧΑΡΑΛΑΜΠΟΥΣ |l 10042855 | ||
| 040 | |a GR-MY-UA |b gre |e aacr | ||
| 041 | 0 | |a eng | |
| 082 | 0 | |a 515. | |
| 100 | 1 | |a Brown, Arlen |d 1926- | |
| 245 | 1 | 3 | |a An Introduction to Analysis / |c Arlen Brown, Carl Pearcy |
| 260 | |a New York : |b Springer-Verlag, |c c1995 | ||
| 300 | |a 297 p.; |c 24 cm. | ||
| 490 | 1 | |a Graduate texts in mathematics |v ; 154 | |
| 500 | |a Includes bibliographical references and index | ||
| 650 | 0 | 0 | |a Mathematical analysis. |
| 700 | 1 | |a Pearcy, Carl. | |
| 830 | 0 | |a Graduate texts in mathematics ; |v ; 154 | |
| 852 | |a INST |b SAMOS |e 19960508 |h 515 BRO |p 005300009885 |q 005300009885 |t BK |y 0 | ||
| 909 | |a Σ |b 044832 | ||